Accounting for management control (2nd ed.) (Record no. 33329)

MARC details
000 -LEADER
fixed length control field 00780nam a2200229 a 4500
008 - FIXED-LENGTH DATA ELEMENTS--GENERAL INFORMATION
fixed length control field 120416s1990 ||||||||||||||||| || u
020 ## - INTERNATIONAL STANDARD BOOK NUMBER
International Standard Book Number 0412374803
050 ## - LIBRARY OF CONGRESS CALL NUMBER
Classification number HF 5635 Emm
100 ## - MAIN ENTRY--PERSONAL NAME
Personal name Emmanuel, Clive R
245 10 - TITLE STATEMENT
Title Accounting for management control (2nd ed.)
250 ## - EDITION STATEMENT
Edition statement 2nd ed.
260 ## - PUBLICATION, DISTRIBUTION, ETC.
Place of publication, distribution, etc. London:
Name of publisher, distributor, etc. Chapman & Hall
Date of publication, distribution, etc. 1990
300 ## - PHYSICAL DESCRIPTION
Extent xvi, 518p. : ill
350 ## - PRICE (NR) (BK AM CF MU VM SE) [OBSOLETE]
Price 0.00
490 ## - SERIES STATEMENT
Series statement VNR series in accounting and finance
500 ## - GENERAL NOTE
General note Bibliography
650 #0 - SUBJECT ADDED ENTRY--TOPICAL TERM
Topical term or geographic name entry element ACCOUNTING--HANDBOOKS, MANUALS, ETC
650 #0 - SUBJECT ADDED ENTRY--TOPICAL TERM
Topical term or geographic name entry element MANAGERIAL ACCOUNTING
700 ## - ADDED ENTRY--PERSONAL NAME
Personal name Otley, David T
700 ## - ADDED ENTRY--PERSONAL NAME
Personal name Merchant, Kenneth A
995 ## - RECOMMENDATION 995 [LOCAL, UNIMARC FRANCE]
-- 0.00
-- CBU-MAIN LIBRARY (Kitwe)
-- 1
-- 17.95
-- AVAILABLE
-- Main Library Open Access Collection
Holdings
Withdrawn status Lost status Source of classification or shelving scheme Damaged status Not for loan Home library Current library Shelving location Date acquired Total Checkouts Full call number Barcode Date last seen Price effective from Koha item type
          CBU-MAIN LIBRARY, KITWE. CBU-MAIN LIBRARY, KITWE.   11/30/2022   HF 5635 Emm 005484 11/30/2022 11/30/2022 MONOGRAPH